00560nam a2200193 a 4500020001800000082001900018100001800037245001900055260003400074300000900108500003500117505001700152650002100169650002200190700001800212942000700230952011200237999001700349 a8190019 00a322.10954bSHO aShourie, Arun aSecular Agenda aDelhibASA Publicationsc1994 a376p aincludes index and biblioraphy2 aBibliography aSecularism-India aCommunalism-India1 aShourie, Arun cBK 00104070aHMIbHMId2007-06-14g150.00l1o322.10954 SHOp015492r2019-01-28s2019-01-17w2026-01-16yBK c10648d10648